000 00626nam a2200193 i 4500
001 185904
003 ES-MaACL
005 20251003063200.0
008 160822s1965 sp |||| | cat d
100 1 _aEspinalt, Carles M.,
_d1920-1993
_984412
245 1 0 _aSeny no és timidesa /
_cCarles Muñoz Espinalt.
260 _aBarcelona :
_bEdic. d'Aportació Catalana,
_c1965.
300 _a25 p. ;
_c22 cm.
490 1 _aEntre Tots Ho Farem Tot ;
_v16
650 4 _aCatalanes-
_xPsicología.
_9160523
830 0 _aEntre Tots Ho Farem Tot ;
_v16
_9187406
852 _aES-MaACL
_j2048-F-22
999 _c185904
_d185904